1072 1673 1977 1472 1803 1396 1393 1091 1062 1904 1725 1358 1381 1541 1201 1883 1862 1613 1848 1199 1094 1602 1380 1459 1866 1865 1851 1068 1660 1400 1758 1136 1839 1458 1835 1336 1253 1416 1633 1077 1237 1087 1165 1320 1765 1688 1003 1142 1573 1529 1258 1337 1804 1146 1628 1935 1165 1955 1178 1155 1996 1465 1667 1843 1209 1648 1236 1980 1738 1477 1348 1231 1433 1844 1460 1553 1843 1455 1627 1750 1668 1303 1382 1945 1408 1486 1832 1269 1902 1876 1112 1817 1448 1464 1568 1910 1611 1140 1495 BCNSPRNW ULIB Ver.6.0+V

เปลี่ยนเป็นภาษาไทย

Change to English
 แสดงรายละเอียดบรรณานุกรม
  กลับหน้าหลัก

Brief Record : Get Marc (ISO 2709) : E-mail record : QR code < ปิดหน้าต่าง
LEADER : 00000nam 2200000uu 4500
001    13399128939
003     ULIB
008    241030s2023||||th 000 0 tha d
020    ^a9781009275187 (pbk.)
050  4 ^aPE1128^bI22
245 00 ^aIELTS 18 academic with answers :^bauthentic examinationtests /^c[Cambridge University Press]
260    ^aCambridge :^bCambridge University Press,^c2023
300    ^a144 p. :^bill. ;^c25 cm.
650  0 ^aInternational English Language Testing System^vStudyguides
650  0 ^aEnglish language^vTextbooks for foreign speakers
650  0 ^aEnglish language^xStudy and teaching
650  0 ^aEnglish language^xExaminations^vStudy guides
650  0 ^aEnglish language^vProblems, exercises, etc.
653    ^aIELTS
945    ^p989^l0^i011193
999    ^aประนอม เกษจรัล
รายการนี้ยังไม่มีแท็ก
คุณยังไม่ได้ล็อกอิน คุณสามารถมีกิจกรรมร่วมกับเว็บไซต์ได้ แต่ต้องล็อกอินก่อน ::
  ล็อกอิน

รายการสื่อสารสนเทศ

ลำดับที่ ประเภท เลขเรียก/บาร์โค้ด สถานที่ สถานะ
1. การศึกษาทั่วไป
หนังสือสำรอง
สถานะ=หนังสือสำรอง
PE1128 I22 ฉ.1 
  Barcode: 011193
ห้องสมุดวิทยาเขตสวรรค์ประชารักษ์
►หนังสือทั่วไป
บนชั้น

BibComment


ยังไม่เคยถูกคอมเมนท์

คอมเมนท์ทรัพยากรรายการนี้
  คอมเมนท์: IELTS 18 academi..


 Copyright 2026. Bcnsprnw @Library